000 02252cam a2200625 4500
001 J127753
008 041019n2004 000 0 eng u
035 _a(Sirsi) u127753
041 _aeng
050 _a338.181
_c18
100 _aMoody, Jeremy
245 _aMid term review
_ba practical guide
260 _a[S.l.]
_bBurges Salmon Solicitors
_c2004
300 _a300p.
_c21cm.
350 _a40
505 _aThe Common Agricultural Policy to 2004
505 _aAn overview of the new regime
505 _aThe new marketplace
505 _aThe general framework
505 _aFarmers' access to the Single Payment
505 _aThe historic reference amount
505 _aThe National Reserve
505 _aGeneral reductions in the Single Payment
505 _aUnlocking the payment - making entitlement against land
505 _aApplications under the Single Payment Scheme
505 _aIntegrated Administration and Control Systems (IACS)
505 _aPayment
505 _aRetaining entitlement: use it or lose it
505 _aTransferring entitlement
505 _aOther kinds of entitlement
505 _aSupplementary Aid Schemes
505 _aCross compliance
505 _aFarm Advisory System
505 _aOptions across Europe
505 _aOther CAP reforms
505 _aConveyancing issues: farmland and entitlement
505 _aLandlord and tenant issues
505 _aTaxation
505 _aThe future of CAP after the Mid Term Review
505 _aAppendix one: List of Agricultural Products (Treaty of Rome)
505 _aAppendix two: Council Regulation (EC) 1782/2003
520 _aThe Mid Term Review is bringing about the most significant reform in the history of the Common Agricultural Policy (CAP). This book aims to help practitioners understand and respond to the changes.
650 _aCAP REFORM
650 _aREGULATION (EC) 1782/2003
650 _aCOMMON AGRICULTURAL POLICY
650 _aSINGLE PAYMENT SCHEME
650 _aEUROPE
650 _aFARMERS
690 _aRURAL-AGRICULTURE AND FORESTRY
700 _aNeville, William
700 _aMorrison, Alastair
700 _aJohnstone, Michael
700 _aHewitt, Tom
942 _n0
999 _c103822
_d103822